Sage handbook of counselling and psychotherapy (Record no. 396745)

MARC details
000 -LEADER
fixed length control field 00549 a2200217 4500
005 - DATE & TIME
control field 20260417125233.0
008 - FIXED-LENGTH DATA ELEMENTS--GENERAL INFORMATION
fixed length control field 260417b |||||||| |||| 00| 0 eng d
020 ## - ISBN
International Standard Book Number 9781529781083
Price £ 56.00
040 ## - CATALOGING SOURCE
Original cataloging agency VIVEKANANDA LIBRARY
082 ## - DDC NUMBER
Classification number 157.9
Book Number H194S(5)
100 ## - MAIN ENTRY--PERSONAL NAME
Personal name Hanley, Terry
245 ## - TITLE STATEMENT
Title Sage handbook of counselling and psychotherapy
250 ## - EDITION STATEMENT
Edition statement 5th
260 ## - PUBLICATION, DISTRIBUTION, ETC. (IMPRINT)
Name of publisher, distributor, etc Sage
Date of publication, distribution, etc 2023
Place of publication, distribution, etc New Delhi
300 ## - PHYSICAL DESCRIPTION
Pages ix, 650
650 ## - Subject
Subject Psychology
650 ## - Subject
Subject Counselling
650 ## - Subject
Subject Psychotherapy
700 ## - Added Entry Personal Name
Added Entry Personal Name Winter, Laura Anna
942 ## - ADDED ENTRY ELEMENTS (KOHA)
Koha item type Books
Holdings
Withdrawn status Lost status Source of classification or shelving scheme Damaged status Not for loan Location (home branch) Sublocation or collection (holding branch) Shelving location Date acquired Koha issues (times borrowed) Koha full call number Accession No. Koha date last seen Koha item type
    Dewey Decimal Classification     VIVEKANANDA LIBRARY VIVEKANANDA LIBRARY Vivekananda Library 25/03/2026   157.9 H194S(5) 438918 25/03/2026 Books
© Designed and Maintained by Vivekananda Library, MDU Rohtak